'C' First Names Quiz Stats

Quiz Updated Mar 11, 2015

Also try: 'B' First Names
Challenge
Share
Tweet
Embed
Score 0/20 Timer 05:00
5 Plays Today
% Correct
Christopher
97.2%
Charles
96.5%
Chuck
95.4%
Channing
93.4%
Cyndi
92.4%
Colin
92.1%
Courteney
91.1%
Claude
88.7%
Carlos
87.1%
Christian
87%
% Correct
Calvin
84.1%
Cary
83.3%
Claudia
83.2%
Clive
82.5%
Charlotte
81.3%
Carole
63.1%
Clyde
56.5%
Catherine
47.5%
Cliff
46.9%
Carolus
29.1%

You're not logged in!

Compare scores with friends on all Sporcle quizzes.
Join for Free
OR
Log In

You Might Also Like...

Show Comments

Extras

Top Quizzes Today


Score Distribution

Your Account Isn't Verified!

In order to create a playlist on Sporcle, you need to verify the email address you used during registration. Go to your Sporcle Settings to finish the process.

Report this User

Report this user for behavior that violates our Community Guidelines.

Details: